000 00616nam a2200229Ia 4500
003 OSt
005 20220923220821.0
006 a|||||r|||| 00| 0
007 ta
008 220922b |||||||| |||| 00| 0 hin d
024 _a190,856
037 _cTextual
040 _aARTS
_cARTS
_bhin
041 _2hin
_ahin
082 _aR64:9, 152J4-;1
100 _aमिश्र, मंडन
245 0 _aमीमांसा दर्शन
246 _aMīmāansā darshana
260 _c1954
942 _hR64:9, 152J4-;1
_cTEXL
_2CC
999 _c343582
_d343582